Catálogo
 En Linea

Duarte : (Registro nro. 26763)

Detalles MARC
000 -CABECERA
campo de control de longitud fija 00813nam a2200217 a 4500
001 - NÚMERO DE CONTROL
campo de control 000027271
005 - FECHA Y HORA DE LA ÚLTIMA TRANSACCIÓN
campo de control 20240410073847.0
008 - DATOS DE LONGITUD FIJA--INFORMACIÓN GENERAL
campo de control de longitud fija 110330s1945 dr ac 000 0 spa d
040 ## - FUENTE DE LA CATALOGACIÓN
Centro catalogador/agencia de origen DO-SdBNP
Lengua de catalogación spa
Centro/agencia transcriptor BNPHU
082 ## - NÚMERO DE LA CLASIFICACIÓN DECIMAL DEWEY
Número de clasificación 923.27293
Número de documento/Ítem D812h, 1945
049 ## - FONDOS LOCALES (OCLC)
Fondos de biblioteca BNPD
100 1# - ENTRADA PRINCIPAL--NOMBRE DE PERSONA
Nombre de persona Henríquez i Carvajal, Federico,
Fechas asociadas al nombre 1848-1952
9 (RLIN) 7792
245 10 - MENCIÓN DE TÍTULO
Título Duarte :
Resto del título próceres, héroes i mártires de la independencia /
Mención de responsabilidad, etc. Federico Henríquez i Carvajal.
250 ## - MENCIÓN DE EDICIÓN
Mención de edición 2ª ed.
260 ## - PUBLICACIÓN, DISTRIBUCIÓN, ETC.
Lugar de publicación, distribución, etc. Ciudad Trujillo, República Dominicana :
Nombre del editor, distribuidor, etc. Imprenta San Francisco,
Fecha de publicación, distribución, etc. 1945.
300 ## - DESCRIPCIÓN FÍSICA
Extensión 243 p. :
Otras características físicas il., retr. ;
Dimensiones 21 cm.
500 ## - NOTA GENERAL
Nota general Incluye índice de nombres
600 10 - PUNTO DE ACCESO ADICIONAL DE MATERIA--NOMBRE DE PERSONA
Nombre de persona Duarte, Juan Pablo,
Fechas asociadas al nombre 1813-1876
9 (RLIN) 1494
651 #0 - PUNTO DE ACCESO ADICIONAL DE MATERIA--NOMBRE GEOGRÁFICO
Nombre geográfico República Dominicana --
Subdivisión general Historia --
Subdivisión cronológica 1844-1930
9 (RLIN) 1009
910 ## - DATOS DE OPCIÓN DEL USUARIO (OCLC)
Datos de opción del usuario Validado. Control de calidad EMS
Existencias
Estado de retiro Estado de pérdida Restricciones de uso No para préstamo Código de colección Localización permanente Ubicación/localización actual Ubicación en estantería Fecha de adquisición Número de inventario Total de préstamos Signatura topográfica completa Código de barras Fecha visto por última vez Precio válido a partir de Tipo de ítem Koha Número de copia
      Excluido de préstamo Raros y valiosos Patrimonio Dominicano Patrimonio Dominicano Depósito 30.03.2011 LF1   923.27293 D812h, 1945 27271-10 25.06.2020 25.06.2020 No se presta  
  Extraviado   Excluido de préstamo Raros y valiosos Patrimonio Dominicano Patrimonio Dominicano Extraviado 22.01.2015 LF1   923.27293 D812h, 1945 27271-20 25.06.2020 25.06.2020 No se presta e. 2

Con tecnología Koha